000 01570nam a2200433 i 4500
001 56245
003 KOSZ 005
005 20210629082155.0
008 090408s2005 pl f d |001 0 pol
020 _a8391630455
040 _cKOSZ 005
_aKOSZ 005
_dKOSZ 005/HR
041 _apol
046 _k2005
080 _a332.6
080 _a(038)
245 0 0 _aSuplement do "Leksykonu rzeczoznawcy majątkowego" :
_bdo wydania II z roku 2004 /
_cpod red. Ewy Kucharskiej-Stasiak ; Józef Iwanicki [et al.].
260 _aWarszawa :
_bPolska Federacja Stowarzyszeń Rzeczoznawców Majątkowych,
_c2005.
300 _a97 s. ;
_c24 cm.
336 _2rdacontent
_aTekst
_btxt
337 _2rdamedia
_aBez urządzenia pośredniczącego
_bn
338 _2rdacarrier
_aWolumin
_bnc
380 _aKsiążki
380 _aPublikacje fachowe
388 _a2001-
490 1 _aBiblioteczka Rzeczoznawcy Majątkowego
504 _aBibliogr. s. 2. - Indeks
650 4 _aNieruchomości
650 4 _aEkspertyza
650 4 _aTerminologia
655 _aSłowniki polskie
655 _aSłownik terminologiczny
658 _aGospodarka, ekonomia, finanse
700 1 _aIwanicki, Józef
_eAutor
700 1 _aKucharska-Stasiak, Ewa
_eRedakcja
710 2 _aPolska Federacja Stowarzyszeń Rzeczoznawców Majątkowych
856 _uhttp://koha.tu.koszalin.pl/cgi-bin/koha/opac-detail.pl?biblionumber=56245
_yKatalog online BPK
830 0 _aBiblioteczka Rzeczoznawcy Majątkowego
942 _cKS
_2UKD
999 _c56245
_d56245